000
00332nam a2200121Ia 4500
008
190722s9999 xx 000 0 und d
020
_a
978-81-265-5911-4
100
_a
Michael Alexander
245
0
_a
Access 2016 Bible, The Comprehensive tutorial Resource
260
_a
New Delhi
_b
Wiley India
_c
2016
300
_a
1108
942
_c
BK
999
_c
789
_d
789